Quizzes
Events
Quiz Creation
Community
Videos
Private Events
Remove Ads
Sign In
Join for FREE
Feedback
Dark Mode
Quiz Categories
Sports
Geography
Music
Movies
Television
Just For Fun
Miscellaneous
History
Literature
Language
Science
Gaming
Entertainment
Religion
Holiday
For Kids
Quiz Lab
Recent
Popular Today
Quiz Kudos Today
Editor Picks
Curator Picks
Quizzes by...
Day
Popularity
Type
Ratings
Length
Year
Community
Subscriptions
Recent Discussions
Orange Saloon
Badges
Playlists
Quests
Create
Leaderboards
Showdown
Live 5
Trivia Bingo
Activity
Puzzle Library
Sporcle Events
Private Events
Virtual Trivia
Globe League
Become a Host
Pub Owners
SporcleCon
Opinionation
Our Games
Videos
Blog
Mobile Apps
Partnerships
Remove Ads and Go Orange
Feedback
Sports
Athletes
MLB
NBA
NHL
NFL
Soccer
Sports Teams
WWE
NCAA
Football
Premier League
Basketball
Baseball
Hockey
Golf
Tennis
Cricket
Rugby
Auto Racing
Olympics
World Cup
Sports
Athletes
MLB
NBA
NHL
NFL
Soccer
Sports Teams
WWE
NCAA
Football
Premier League
Basketball
Baseball
Hockey
Golf
Tennis
Cricket
Rugby
Auto Racing
Olympics
World Cup
Random Quiz
Search Sporcle
×
Quiz Lab
Quiz Lab
Sports
Leaguer
Type in answers that appear in a list
Type in answers that appear in a list
Classic
Best Score? Go Orange.
HOF negro leaguers Stats
Can you name the HOF negro leaguers?
By
sobdennis
10m
35 Questions
14 Plays
14 Plays
14 Plays
Comments
Comments
Give Quiz Kudos
Give Quiz Kudos
-
- Ratings
hide this ad
Replay
Link that replays current quiz
Next Quiz
Link to next quiz in quiz playlist
You Got
0%
They Got
Avg Score
45%
Avg Friend Score
Upgrade to see
Score Distribution
Jump to the score distribution portion of the page
Score
0/35
Timer
10:00
0
Plays Today
year elected
player
% Correct
1972
Josh Gibson
100%
1971
Satchel Paige
92.9%
1972
Buck Leonard
78.6%
1974
Cool Papa Bell
78.6%
1976
Oscar Charleston
57.1%
1977
Martin Dihigo
50%
1995
Leon Day
50%
2000
Turkey Stearnes
50%
2006
Pete Hill
50%
2006
Biz Mackey
50%
2006
Jose Mendez
50%
2006
Luis Santop
50%
2006
Mule Suttles
50%
2006
Ben Taylor
50%
2006
Crisobal Torriente
50%
2006
Jud Wilson
50%
1973
Monte Irvin
42.9%
1977
Pop Lloyd
42.9%
year elected
player
% Correct
1996
Bill Foster
42.9%
1981
Rube Foster
42.9%
1987
Ray Dandridge
42.9%
1998
Bullet Rogan
42.9%
1999
Joe Williams
42.9%
2001
Hilton Smith
42.9%
2006
Frank Grant
42.9%
1975
Judy Johnson
35.7%
1997
Willie Wells
35.7%
2006
Ray Brown
35.7%
2006
Willard Brown
35.7%
2006
Sol White
35.7%
2006
Andy Cooper
28.6%
2006
Effa Manley
21.4%
2006
Alex Pompez
7.1%
2006
Cum Posey
7.1%
2006
J. L. Wilkinson
7.1%
Quiz Playlist
Details
Report
Send in Message
Add To Playlist
Classic:
Type in answers that appear in a list
Last Updated: Feb 16, 2017
Quiz Scoreboard
CHALLENGE
Sign Up to Join the Scoreboard
Show All
Scores
Hide
Comments
May contain spoilers
Recently Published
9x9 Crossword: Cartoon Network
by jackfrog10
Miscellaneous
3m
College Basketball Coaching Resumes
by pancakes188
Sports
9m
Billboard Blitz: Fleetwood Mac
by CooCooCachoo
Music
15s
More to Explore
Quiz From the Vault
Featured Blog Post
Where Did the Easter Bunny Come From?
hide this ad
You Might Also Like...
Tags
Elected
hof
Leaguer
negro
Player
Today's Top Quizzes in Sports
Browse Sports
hide this ad
Top Contributed Quizzes in Sports
1
2022 World Cup Stars
2
Les meilleurs buteurs des matchs entre le PSG et l’OM
3
FIFA Club World Cup Champions
4
Les entraîneurs de l'OM et du PSG au 21e siècle
5
Criteria MLB: Left Handed Sluggers
6
2023 MLB Unique Player Accomplishments
7
AFC Teams Reveal (Wrong Answers Minefield)
8
Players with Multiple 50 Home Run Seasons
9
5-to-1: FBS Animal Nicknames
10
5-to-1: UK Sports Teams
Explore More
Trending Topics
NBA
Harry Potter
Crossword
Disney
Marvel
Anime
Kpop
Pokémon
Country
The Office
Song
Puzzle
WWE
NFL
Soccer
hide this ad
More By:
sobdennis
Quiz
Plays
Rating
Category
Featured
Created
World Series Sweeps
31,745
4.35
Sports
Nov 1, 2010
Oscar Winner By Role II
19,107
4.24
Movies
Aug 1, 2010
One party states
1,943
3.45
History
Jun 11, 2010
200 wins no Cy Young
609
4.18
Sports
Nov 1, 2010
us open golf courses
568
1.00
Sports
Jun 13, 2010
Go to Creator's Profile
Score Distribution
Quiz Creator Spotlight
sobdennis
Follow
Send a Message
Quizzes Created
-
Created Quiz Play Count
-
More By This Creator
Popular Quizzes Today
1
Find the US States - No Outlines Minefield
2
Find the Countries of Europe - No Outlines Minefield
3
The Countries of the World
4
Find the US States
5
Risky Map Clicking: Biggest States A-Z
6
US States
7
Popular People in 1961
8
Movies - When Are They Set?
More Sports Quizzes
NBA - Who he play for? (2022-23)
Quiz Lab
Trending Quizzes
Risky Map Clicking: Least Populous States A-Z
1-10 Letter G Words
Risky Map Clicking: Next State Alphabetically
Adjectives in 80s TV Shows
The Seven Year Switch: Catherine
Recently Updated
Leaping Animals
pecheneg
Reality TV Shows (A-Z)
bhenderson79
Rickey Henderson's Hall of Fame Teammates
pecheneg
Champions League XIs: Arsenal
pecheneg
Quick Pick: Celebrities in WWE's Hall of Fame
aduchscher
A-Z Keypad Blitz II
pecheneg
Multiple Oscar Actors
pecheneg
Mystery Phrase Blitz: Oscar 'Best Actors'
pecheneg
F. Scott Fitzgerald Novels
LTH
Pick 3 Villains
ddd62291
Trending Topics
Kpop
Marvel
Disney
Harry Potter
NBA
Anime
Crossword
WWE
Pokémon
NFL
Soccer
Song
The Office
Puzzle
Country
Your Account Isn't Verified!
In order to create a playlist on Sporcle, you need to verify the email address you used during registration. Go to your
Sporcle Settings
to finish the process.
Report this User
Report this user for behavior that violates our
Community Guidelines
.
Details:
Send Report
Go to the Sporcle.com Mobile Site →
Comments